Personnages super smashbros brawl 1/4 - Statistiques

Statistiques générales
  • Ce quiz a été pris 71 fois
  • Le résultat moyen est 7 sur 8
Statistiques - réponses
Description Personnage % Correct
Plombier, il est le héros de nombreux jeux Mario
100%
Pokémon de la 1ere génération, il est jau... Stop, j'en dis trop Pikachu
100%
Petite boule rose, il à un manga à son nom Kirby
97%
Si je vous dit Zelda, vous pensez à Link
97%
Un singe qui à des initiales DK (il y en à plusieurs, mais c'est le 1er à avoir été créé) Donkey Kong
95%
Personnage de la série Star Fox, il est... cherchez bien ! Fox
81%
Personnage du jeu Metroid, c'est une femme, qui a également une version sans armure Samus
81%
Prince de la série des Fire Emblem, il est connu pour sa maitrise de l'épée Marth
65%
Aucun quiz correspondant
Distribution des résultats
% des personnes avec chaque résultat
Percentile par nombre de réponses
Votre historique - résultats
Vous n’avez pas pris ce quiz